Vývoj ekonomiky vyspělých zemí a ČSSR v roce 1988 a výhled na nejbližší období

Salvato in:
Dettagli Bibliografici
Natura: Libro
Lingua:ceco
Pubblicazione: Praha Ústředí vědeckých, technických a ekonomických informací 1989
Tags: Aggiungi Tag
Nessun Tag, puoi essere il primo ad aggiungerne!!

MARC

LEADER 00000nam a2200000 4500
001 c034185
005 20251204113958.5
041 0 |a cze 
044 |a CZ 
245 1 0 |a Vývoj ekonomiky vyspělých zemí a ČSSR v roce 1988 a výhled na nejbližší období 
264 1 |a Praha  |b Ústředí vědeckých, technických a ekonomických informací  |c 1989 
300 |a 210 s.